| 000 | 00853cam a22003013a 4500 | ||
|---|---|---|---|
| 001 | 730 | ||
| 003 | PGUSA | ||
| 005 | 20140828082952.0 | ||
| 008 | 961101s1996||||xxu|||||s|||||000 1 eng d | ||
| 040 |
_aPGUSA _beng |
||
| 042 | _adc | ||
| 050 | 4 | _aPR | |
| 100 | 1 |
_aDickens, Charles, _d1812-1870 |
|
| 245 | 1 | 0 |
_aOliver Twist _h[electronic resource] / _cCharles Dickens |
| 260 |
_bProject Gutenberg, _c1996 |
||
| 506 | _aPublic domain in the USA. | ||
| 516 | _aElectronic text | ||
| 653 | _aOrphans -- Fiction | ||
| 653 | _aBildungsromans | ||
| 653 | _aLondon (England) -- Fiction | ||
| 653 | _aKidnapping victims -- Fiction | ||
| 653 | _aCriminals -- Fiction | ||
| 653 | _aBoys -- Fiction | ||
| 653 | _aIdentity (Psychology) -- Fiction | ||
| 830 | 0 |
_aProject Gutenberg _v730 |
|
| 856 | 4 | 0 | _uhttp://www.gutenberg.org/ebooks/730 |
| 942 | _cEB | ||
| 999 |
_c230081 _d230081 |
||